McGraw-Hill electronic testing handbook : (Record no. 60747)

000 -LEADER
fixed length control field 01113pam a2200277 a 4500
001 - CONTROL NUMBER
control field 1106621
003 - CONTROL NUMBER IDENTIFIER
control field NUST-PNEC
005 - DATE AND TIME OF LATEST TRANSACTION
control field 20170116180706.0
008 - FIXED-LENGTH DATA ELEMENTS--GENERAL INFORMATION
fixed length control field 930409s1994 nyua f 001 0 eng
010 ## - LIBRARY OF CONGRESS CONTROL NUMBER
LC control number 93019595
020 ## - INTERNATIONAL STANDARD BOOK NUMBER
International Standard Book Number 0070376026
040 ## - CATALOGING SOURCE
Original cataloging agency DLC
Transcribing agency PNEC
050 00 - LIBRARY OF CONGRESS CALL NUMBER
Classification number TK7878.4
Item number .L4514 1994
082 00 - DEWEY DECIMAL CLASSIFICATION NUMBER
Classification number 621.38028 LEN
Edition number 20
100 1# - MAIN ENTRY--PERSONAL NAME
Personal name Lenk, John D.
245 10 - TITLE STATEMENT
Title McGraw-Hill electronic testing handbook :
Remainder of title procedures and techniques /
Statement of responsibility, etc. John D. Lenk.
260 ## - PUBLICATION, DISTRIBUTION, ETC.
Place of publication, distribution, etc. New York :
Name of publisher, distributor, etc. McGraw-Hill,
Date of publication, distribution, etc. c1994.
300 ## - PHYSICAL DESCRIPTION
Extent xvii, 397 p. :
Other physical details ill. ;
Dimensions 24 cm.
500 ## - GENERAL NOTE
General note Includes index. http://www.amazon.com/s/ref=nb_sb_noss?url=search-alias%3Dstripbooks&field-keywords=0070376026&rh=n%3A283155%2Ck%3A0070376026&ajr=2
650 #0 - SUBJECT ADDED ENTRY--TOPICAL TERM
Topical term or geographic name entry element Electronic instruments
General subdivision Handbooks, manuals, etc.
650 #0 - SUBJECT ADDED ENTRY--TOPICAL TERM
Topical term or geographic name entry element Electronic apparatus and appliances
General subdivision Testing
-- EL, EE
740 0# - ADDED ENTRY--UNCONTROLLED RELATED/ANALYTICAL TITLE
Uncontrolled related/analytical title Electronic testing handbook.
906 ## - LOCAL DATA ELEMENT F, LDF (RLIN)
a 7
b cbc
c orignew
d 1
e ocip
f 19
g y-gencatlg
942 ## - ADDED ENTRY ELEMENTS (KOHA)
Source of classification or shelving scheme
Koha item type Book
Holdings
Withdrawn status Lost status Source of classification or shelving scheme Damaged status Not for loan Permanent Location Current Location Shelving location Date acquired Source of acquisition Cost, normal purchase price Total Checkouts Full call number Barcode Date last seen Cost, replacement price Price effective from Koha item type
          Pakistan Navy Engineering College (PNEC) Pakistan Navy Engineering College (PNEC) Reference 12/21/1995 Paramount Publishing Enterprise 632.31   621.38028 LEN PNECLIB-018254 09/25/2014 632.31 12/21/1995 Book
          Pakistan Navy Engineering College (PNEC) Pakistan Navy Engineering College (PNEC) Reference 03/04/1998 Royal Book Company 967.76   621.38028 LEN PNECLIB-019873 10/03/2014 967.76 03/04/1998 Book
          Pakistan Navy Engineering College (PNEC) Pakistan Navy Engineering College (PNEC) Reference 05/13/1997 Pak Book Corporation 2040.50   621.38028 LEN PNECLIB-019188 10/10/2014 2040.50 05/13/1997 Book
© 2023 Central Library, National University of Sciences and Technology. All Rights Reserved.